[Event "It"]
[Site "Biel SUI"]
[Date "2004.07.29"]
[Round "10"]
[White "McShane,L"]
[Black "Sasikiran,K"]
[Result "1/2-1/2"]
[WhiteElo "2643"]
[BlackElo "2666"]

1.e4 e5 2.Nf3 Nc6 3.Bb5 a6 4.Ba4 Nf6 5.O-O Be7 6.Re1 b5 7.Bb3 d6 8.c3 O-O
9.h3 Na5 10.Bc2 c5 11.d4 Nd7 12.dxc5 dxc5 13.Nbd2 Re8 14.Nf1 Nc4 15.b3 Nd6
16.Ne3 Bb7 17.Nd5 Nf6 18.Nxe7+ Qxe7 19.Nd2 Qc7 20.Qe2 Rac8 21.Bb2 Nd7 22.Nf1 c4
23.Rad1 Nc5 24.Ng3 a5 25.Ba3 Re6 26.Qe3 cxb3 27.axb3 h6 28.Re2 a4 29.bxa4 Nxa4
30.Bb3 Nc4 31.Qc1 Kh7 32.Bb4 Nc5 33.Bxc4 bxc4 34.Bxc5 Qxc5 35.Rd7 Rc7 36.Red2 Bc8
37.R7d5 Qa7 38.Qd1 Ra6 39.Kh2 Re7 40.Rd8 Qc7 41.Nf1 Qc6 42.Rf8 Re8 43.Rxf7 Be6
44.Rf3 Qxe4 45.Re2 Qg6 46.Ng3 Ra5 47.Qe1 Qg5 48.Ne4 Qe7 49.Qb1 Kh8 50.Ng3 Bg8
51.Qb6 Rd5 52.Qg6 Qd7 53.Rfe3 Re6 54.Qg4 Qc7 55.Rf3 Re8 56.Rfe3 Rd3 57.Qh5 Rf8
58.Qg4 Re8 59.Qh5 Rf8 60.Ne4 Rf4 61.Qe8 Rd8 62.Qa4 Rd3 63.Qb5 Bd5 64.Ng3 e4
65.Ra2 Bf7 66.Qb2 Qd6 67.Qe2 Bg6 68.Kg1 Rf8 69.Qg4 Kh7 70.Nf1 Qe5 71.Ra3 Qf6
72.Qe2 Qc6 73.Ra1 Rfd8 74.Re1 Kh8 75.Ng3 Re8 76.Qb2 Qd5 77.Ne2 Rf8 78.Nd4 Kh7
79.R3e2 Rf6 80.Qc1 Qa5 81.Re3 Rb6 82.Kh2 Ra6 83.Ne2 Qe5+ 84.Kg1 Ra2 85.Ng3 Qf6
86.Rf1 Qb6 87.Rfe1  1/2-1/2

[Event "5th YM"]
[Site "Lausanne SUI"]
[Date "2004.09.15"]
[Round "1.1"]
[White "McShane,L"]
[Black "Lahno,Kateri"]
[Result "1-0"]
[WhiteElo "2643"]
[BlackElo "2472"]

1.e4 e5 2.Nf3 Nf6 3.Nxe5 d6 4.Nf3 Nxe4 5.Qe2 Qe7 6.d3 Nf6 7.Bg5 Qxe2+ 8.Bxe2 Be7
9.Nc3 c6 10.O-O-O Na6 11.Rhe1 Nc7 12.Bf1 Ne6 13.Bh4 h6 14.Ne4 Nh5 15.Bxe7 Kxe7
16.d4 d5 17.Nc5 Kd6 18.Nd3 Nf6 19.c3 Rf8 20.Nfe5 b6 21.Re3 Bb7 22.g3 Rae8
23.Bg2 c5 24.dxc5+ bxc5 25.Ree1 Kc7 26.f4 g6 27.c4 dxc4 28.Bxb7 Kxb7 29.Nxc4 Kc7
30.Nde5 Nd4 31.b4 Nb5 32.bxc5 Nc3 33.Rd6 Re6 34.Rxe6 fxe6 35.Nxg6 Rg8 36.Rxe6 Rxg6
37.Ne5 Ne2+ 38.Kd1 Nxf4 39.Re7+ Kd8 40.Nxg6  1-0

[Event "5th YM"]
[Site "Lausanne SUI"]
[Date "2004.09.16"]
[Round "1.2"]
[White "Lahno,Kateri"]
[Black "McShane,L"]
[Result "1/2-1/2"]
[WhiteElo "2472"]
[BlackElo "2643"]

1.e4 e5 2.Nf3 Nc6 3.Bb5 Nf6 4.O-O Nxe4 5.d4 Nd6 6.Bxc6 dxc6 7.dxe5 Nf5 8.Qxd8+ Kxd8
9.Nc3 a5 10.h3 Ke8 11.Bf4 h6 12.Rad1 Be7 13.Ne4 a4 14.a3 Bd8 15.Rfe1 Be6
16.Bh2 h5 17.Nc5 b6 18.Nxe6 fxe6 19.Bf4 h4 20.Rd3 Ra5 21.Re4 Be7 22.Ng5 Rh6
23.Bd2 Ra8 24.Re1 c5 25.Nf3  1/2-1/2

[Event "5th YM"]
[Site "Lausanne SUI"]
[Date "2004.09.17"]
[Round "2.1"]
[White "McShane,L"]
[Black "Navara,D"]
[Result "0-1"]
[WhiteElo "2643"]
[BlackElo "2616"]

1.e4 c5 2.Nf3 e6 3.d3 Nc6 4.g3 Nge7 5.h4 d5 6.Nbd2 b6 7.c3 g6 8.h5 Bg7 9.Be2 Qd7
10.Rb1 a5 11.a3 Ba6 12.Kf1 O-O-O 13.h6 Be5 14.b4 dxe4 15.dxe4 Bd3 16.Nxe5 Nxe5
17.Bxd3 Qxd3+ 18.Qe2 axb4 19.cxb4 N7c6 20.bxc5 bxc5 21.Qxd3 Rxd3 22.Nb3 Rc3
23.Bg5 Kc7 24.Kg2 Rb8 25.Nd2 Ra8 26.Rhc1 Raxa3 27.Bf6 Rxc1 28.Rxc1 Ra2 29.Nc4 Nd3
30.Rf1 Ra4 31.Ne3 Rxe4 32.Ra1 Rb4 33.Ra3 Nde5 34.f4 Nd7 35.Bc3 Rb7 36.Ra2 Rb3
37.Bd2 Nf6 38.Nc4 Ng4 39.Ra8 Rb8 40.Ra1 Rb7 41.Bc3 Ra7 42.Be5+ Kd8 43.Rxa7 Nxa7
44.Bd6 Nc6 45.Bf8 f5 46.Nd6 Kd7 47.Kf1 Nxh6 48.Nb7 Ng4 49.Nxc5+ Ke8 50.Bd6 Kf7
51.Ke2 e5 52.fxe5 Ncxe5 53.Bc7 g5 54.Nb3 Nc6 55.Kf3 Nf6 56.Bd6 Nd5 57.Kg2 Kf6
58.Ba3 Ne3+ 59.Kh3 Nc4 60.Bc5 h5 61.Nc1 N6e5 62.Ne2 Ng6 63.Bd4+ Ke6 64.Bg7 Ne3
65.Kh2 Kd5 66.Nc3+ Kc4 67.Na4 h4 68.gxh4 Nxh4 69.Kh3 f4 70.Nb2+ Kd5 71.Nd3 Ke4
72.Nf2+ Kf3 73.Nd3 Nhf5 74.Ne5+ Ke2 75.Bf6 g4+  0-1

[Event "5th YM"]
[Site "Lausanne SUI"]
[Date "2004.09.18"]
[Round "2.2"]
[White "Navara,D"]
[Black "McShane,L"]
[Result "0-1"]
[WhiteElo "2616"]
[BlackElo "2643"]

1.d4 g6 2.e4 Bg7 3.Nc3 d6 4.Be3 Nd7 5.f4 a6 6.Nf3 b5 7.e5 Bb7 8.Bd3 e6 9.Qe2 Ne7
10.O-O-O Nb6 11.g4 Qd7 12.Ne4 O-O-O 13.Rhf1 Kb8 14.Ng3 f5 15.exf6 Bxf6 16.Ng5 Ned5
17.Bd2 Rhe8 18.Qf2 b4 19.N5e4 Qa4 20.Kb1 Bh8 21.f5 exf5 22.gxf5 gxf5 23.Nxf5 Rxe4
24.Bxe4 Nc3+ 25.Bxc3 bxc3 26.Rd3 Bxe4 27.Rxc3 Rf8 28.Qh4 Qb5 29.Rf4 Bxf5  0-1

[Event "5th YM"]
[Site "Lausanne SUI"]
[Date "2004.09.18"]
[Round "2.3"]
[White "McShane,L"]
[Black "Navara,D"]
[Result "1/2-1/2"]
[WhiteElo "2643"]
[BlackElo "2616"]

1.e4 c5 2.Nf3 e6 3.b3 Nc6 4.Bb2 d5 5.exd5 exd5 6.Bb5 Qe7+ 7.Be2 Bg4 8.O-O O-O-O
9.Re1 Nf6 10.d4 Qc7 11.Nbd2 Bd6 12.h3 Bh5 13.Rc1 Kb8 14.c4 dxc4 15.Rxc4 Rhe8
16.Qc1 Bf4 17.Rxc5 Bxd2 18.Qxd2 Ne4 19.Qc1 Nxc5 20.dxc5 f6 21.Bc3 Bxf3 22.Bxf3 Rxe1+
23.Qxe1 Ne5 24.Bxe5 Qxe5 25.Qb4 Qc7 26.c6 a5 27.Qb5 b6 28.g3 Rd2 29.a3 Ka7
30.Qc4 Ra2 31.a4 Rd2 32.Kg2 g5 33.Qc3 Rd6 34.b4 axb4 35.Qxb4 h5 36.Bxh5 Qxc6+
37.Bf3 Qc7 38.Qe4 Rd8 39.Qf5 Rd6 40.Qg6 Ka6 41.Qe8 Qd8 42.Qb5+ Ka7 43.a5 Qc7
44.axb6+ Qxb6 45.Qa4+ Kb8 46.Qe8+ Rd8 47.Qe2 Kc7 48.Qc4+ Kd6 49.h4 gxh4 50.Qxh4 Qb2  1/2-1/2

[Event "5th YM"]
[Site "Lausanne SUI"]
[Date "2004.09.18"]
[Round "2.4"]
[White "Navara,D"]
[Black "McShane,L"]
[Result "0-1"]
[WhiteElo "2616"]
[BlackElo "2643"]

1.d4 g6 2.e4 Bg7 3.Nc3 d6 4.Be3 Nd7 5.f4 a6 6.Nf3 b5 7.Bd3 Bb7 8.e5 e6 9.a4 b4
10.Ne4 Ne7 11.exd6 Nf5 12.dxc7 Qxc7 13.Bd2 O-O 14.c3 bxc3 15.bxc3 Nb6 16.O-O Nd5
17.Qc1 Rac8 18.Nc5 a5 19.Rb1 Ba8 20.Ne5 Qd6 21.Qe1 h5 22.Qf2 Nf6 23.Nc4 Qd8
24.Nb7 Qe7 25.Nbxa5 Ng4 26.Qe1 Bf6 27.Nb6 Nxh2 28.Bxf5 Nxf1 29.Nxc8 Rxc8
30.Bxe6 Nxd2 31.Bxc8 Nxb1 32.Qxe7 Bxe7 33.Nc4 Nxc3 34.a5 Ne2+ 35.Kf1 Nxd4
36.a6 Bc5 37.Ne5 Bd5 38.Bb7 Bxb7 39.axb7 Bd6 40.Nd7 Nc6 41.g3 Kg7 42.Kf2 f6
43.Kf3 Kf7 44.Ke4 Ke6 45.Nb6 f5+ 46.Kd3 Na5  0-1

[Event "36th Olympiad"]
[Site "Calvia ESP"]
[Date "2004.10.20"]
[Round "6"]
[White "Gonzalez Zamora,J"]
[Black "McShane,L"]
[Result "1/2-1/2"]
[WhiteElo "2524"]
[BlackElo "2629"]

1.Nf3 Nf6 2.c4 g6 3.Nc3 d5 4.cxd5 Nxd5 5.g3 Bg7 6.Bg2 Nc6 7.O-O Nb6 8.d3 O-O
9.Be3 h6 10.Qd2 Kh7 11.Rfc1 Be6 12.Rab1 Nc8 13.b4 a6 14.Ne4 Bd5 15.a4 e5
16.Nc5 N6e7 17.Qc2 Nd6 18.Bd2 b6 19.e4 bxc5 20.exd5 cxb4 21.Bxb4 Rc8 22.Qc5 Qd7
23.Ba5 e4 24.dxe4 Nxe4 25.Qc4 Nd6 26.Qc5 Ne4  1/2-1/2

[Event "36th Olympiad"]
[Site "Calvia ESP"]
[Date "2004.10.24"]
[Round "9"]
[White "McShane,L"]
[Black "Thorhallsson,T"]
[Result "1/2-1/2"]
[WhiteElo "2629"]
[BlackElo "2460"]

1.e4 c5 2.Nf3 d6 3.c3 Nf6 4.Be2 g6 5.O-O Bg7 6.Bb5+ Bd7 7.Bxd7+ Nbxd7 8.Re1 O-O
9.d4 cxd4 10.cxd4 Qa5 11.Nc3 Rac8 12.Bg5 h6 13.Bh4 g5 14.Bg3 Nh5 15.Nd5 Rfe8
16.Ne3 Nxg3 17.hxg3 e6 18.a3 Qb5 19.a4 Qb4 20.Qd3 Nb6 21.Qb5 a5 22.Qxb4 axb4
23.g4 Nc4 24.Re2 Na5 25.Rd1 Rc7 26.Rc2 Rxc2 27.Nxc2 Rc8 28.Ne3 Kf8 29.Kf1 Ke7
30.Ke1 Nb3 31.Rd3 Nc1 32.Rd2 Kd7 33.e5 d5 34.Kd1 Nb3 35.Rc2 Ra8 36.Nf1 Rxa4
37.N1d2 Ra1+ 38.Ke2 Na5 39.Ne1 Bf8 40.Nd3 b6 41.Nc1 Be7  1/2-1/2

[Event "36th Olympiad"]
[Site "Calvia ESP"]
[Date "2004.10.25"]
[Round "10"]
[White "Nguyen Anh Dung"]
[Black "McShane,L"]
[Result "1-0"]
[WhiteElo "2567"]
[BlackElo "2629"]

1.d4 Nf6 2.c4 g6 3.Nc3 d5 4.Nf3 Bg7 5.Bf4 O-O 6.e3 c5 7.dxc5 Qa5 8.Rc1 dxc4
9.Bxc4 Nbd7 10.O-O Nxc5 11.Qe2 Be6 12.Nd4 Bxc4 13.Qxc4 Nce4 14.Nxe4 Nxe4
15.Bc7 Qh5 16.Qb4 Rac8 17.h3 b6 18.Qxe7 Rfe8 19.Qd7 Nc5 20.Qb5 Qd5 21.b4 Bxd4
22.exd4 a6 23.Qxb6 Nd3 24.Rcd1 Re6 25.Qa5 Qxd4 26.b5 axb5 27.Qxb5 Qc3 28.Bg3 Ne1
29.Kh2 Rce8 30.f4 Nc2 31.f5 Re3 32.fxg6 hxg6 33.Rf3 R8e7 34.Rd3 Qa1 35.Rdxe3 Nxe3
36.Qc5 Ng4+ 37.hxg4 Re8 38.Qc4 Qh8+ 39.Kg1 Qa1+ 40.Rf1  1-0

[Event "36th Olympiad"]
[Site "Calvia ESP"]
[Date "2004.10.28"]
[Round "13"]
[White "McShane,L"]
[Black "Zhao Zong Yuan"]
[Result "1-0"]
[WhiteElo "2629"]
[BlackElo "2410"]

1.e4 e6 2.d4 d5 3.Nd2 Nf6 4.e5 Nfd7 5.f4 c5 6.c3 Nc6 7.Ndf3 Qb6 8.a3 a5 9.b3 Be7
10.h4 f5 11.h5 cxd4 12.cxd4 Ndb8 13.Bd3 Bd7 14.Ne2 Na6 15.Kf2 Na7 16.Bb2 O-O
17.g4 fxg4 18.Nh2 g3+ 19.Kxg3 Bb5 20.Bc2 Rac8 21.Nf3 Rc7 22.Qd2 Bd8 23.Neg1 Nc8
24.Rc1 Rcf7 25.Nh3 Ne7 26.Nh4 Nf5+ 27.Nxf5 exf5 28.Bd1 Nc7 29.Bf3 Bc6 30.Qe3 Ne6
31.Kh2 Rc7 32.Rhg1 Be7 33.Rg2 Rcc8 34.Ng1 Qd8 35.Ne2 Qd7 36.Rcg1 Kh8 37.Qd2 b6
38.Nc3 b5 39.Nd1 b4 40.a4 Rf7 41.Nf2 Qd8 42.Bd1 Bf8 43.Nh3 Qh4 44.Rh1 Rfc7
45.Kg1 Qe7 46.Rhh2 Bb7 47.Kh1 Ba6 48.Ng1 Qd7 49.Nf3 Be7 50.Ne1 Qe8 51.Bc2 Qf7
52.Bb1 Bd8 53.Rg1 Be7 54.Rh3 Bf8 55.Ng2 Be7 56.Qf2 Rc3 57.Bxc3 bxc3 58.Bc2 Bd8
59.Rd1 Bb6 60.Ne1 Rc6 61.Qe3 Bd8 62.Nf3 Be7 63.Rh2 Kg8 64.Rg1 Rc7 65.Rh3 Rc8
66.Kh2 Kf8 67.Nh4 Bxh4 68.Rxh4 Kg8 69.Rh3 Rc7 70.Qf2 Qf8 71.Rd1 Bc8 72.Kg1 Ba6
73.Re3 Qb4 74.Rg3 Qf8 75.Qe3 Qf7 76.Qf3 Bb7 77.Rh3 Kf8 78.Kf2 Ke8 79.Ke3 Kd8
80.Qf1 Kc8 81.Qd3 Kb8 82.Qxf5 Qe7 83.Qxh7 Ka7 84.Qg6 Ba6 85.Rh2 Rc8 86.Qg4 Rh8
87.f5 Nc5 88.Rg2 Rh7 89.dxc5 Qxe5+ 90.Kf2 Qe7 91.Qd4  1-0

[Event "36th Olympiad"]
[Site "Calvia ESP"]
[Date "2004.10.29"]
[Round "14"]
[White "Nedev,T"]
[Black "McShane,L"]
[Result "1/2-1/2"]
[WhiteElo "2528"]
[BlackElo "2629"]

1.e4 c5 2.Nf3 Nc6 3.Bb5 Nf6 4.Bxc6 dxc6 5.d3 Bg4 6.h3 Bxf3 7.Qxf3 Nd7 8.Qg3 e5
9.Nd2 Qf6 10.Nc4 Be7 11.f4 exf4 12.Bxf4 Qg6 13.O-O O-O 14.Qxg6 hxg6 15.Na5 Bf6
16.Nxb7 Bxb2 17.Rab1 Bd4+ 18.Kh1 c4 19.dxc4 Be5 20.Bxe5 Nxe5 21.Nd6 Rfb8
22.Rb3 Rb6 23.Rfb1 Ra6 24.a3 Ra5 25.Rb7 Rd8 26.Rb8 Rxb8 27.Rxb8+ Kh7 28.Rb3 Kg8
29.Rb8+ Kh7 30.Rb3 Kh6 31.h4 Kh5 32.g3 g5 33.hxg5 Kxg5 34.Kg2 g6 35.Kf2 Kf6
36.Rc3 Rc5 37.Ke3 Ke6 38.Nb7 Rxc4 39.Rxc4 Nxc4+ 40.Kd3 Nxa3 41.Nd8+ Kd7 42.Nxf7 Ke6
43.Nd8+ Kd7 44.Nf7 Ke6 45.Nd8+ Kd7  1/2-1/2

[Event "Bundesliga 2004-5"]
[Site "Bremen GER"]
[Date "2004.11.28"]
[Round "4"]
[White "Gyimesi,Z"]
[Black "McShane,L"]
[Result "1/2-1/2"]
[WhiteElo "2613"]
[BlackElo "2629"]

1.d4 Nf6 2.c4 g6 3.Nc3 d5 4.Nf3 Bg7 5.Qb3 dxc4 6.Qxc4 O-O 7.e4 a6 8.Be2 b5
9.Qb3 c5 10.dxc5 Bb7 11.O-O Nxe4 12.Nxe4 Bxe4 13.Bg5 Nc6 14.Qe3 Qd5 15.Rad1 Qe6
16.Bh6 Bc2 17.Rd2 Qxe3 18.Bxe3 Bf5 19.Rfd1 Rfc8 20.a3 h6 21.h3 Rab8 22.g4 Be6
23.b4 a5 24.Nd4 Bxd4 25.Bxd4 axb4 26.axb4 Bc4 27.Bf3 f6 28.Bc3 Ra8 29.Rd7 Kf8
30.Re1 Ra3 31.Re3 g5 32.Kh2 Rb3 33.Kg3 Bg8 34.Bxc6 Rxc6 35.Rdxe7 Rxc3  1/2-1/2

[Event "Smartfish Masters"]
[Site "Drammen NOR"]
[Date "2004.12.27"]
[Round "1"]
[White "Korchnoi,V"]
[Black "McShane,L"]
[Result "1/2-1/2"]
[WhiteElo "2601"]
[BlackElo "2629"]

1.d4 Nf6 2.c4 g6 3.Nf3 Bg7 4.g3 O-O 5.Bg2 d6 6.O-O Nc6 7.Nc3 Rb8 8.h3 a6
9.Be3 Bd7 10.Rc1 b5 11.Nd2 e6 12.d5 Ne7 13.b3 exd5 14.Nxd5 Nfxd5 15.cxd5 Nf5
16.Bf4 g5 17.e4 gxf4 18.exf5 Bxf5 19.Qf3 Qg5 20.gxf4 Qf6 21.Rfe1 Rbe8 22.Nf1 Kh8
23.Ng3 Bh6 24.Rxe8 Rxe8 25.Rxc7 Bb1 26.f5 Bxa2 27.Qd1 Rf8 28.Ne4 Qe5 29.Rc6 Rg8
30.Nxd6 Qg7 31.Qf3 Bf4 32.Nxf7+ Qxf7 33.Qxf4 Qg7 34.Qe4 Bxb3 35.Rxa6 Bc2
36.Qf3 Bxf5 37.d6 Qe5 38.Ra8 Qe1+ 39.Kh2 Qe5+ 40.Qg3 Qxg3+ 41.fxg3 Rxa8 42.Bxa8 Bd7
43.g4 Kg7 44.Kg3 Kf6 45.Kf4 Ke6 46.Kg5 Kxd6 47.Be4 b4 48.Bxh7 Ke5  1/2-1/2

[Event "Smartfish Masters"]
[Site "Drammen NOR"]
[Date "2004.12.30"]
[Round "4"]
[White "Carlsen,M"]
[Black "McShane,L"]
[Result "1/2-1/2"]
[WhiteElo "2581"]
[BlackElo "2629"]

1.Nf3 Nf6 2.c4 g6 3.Nc3 Bg7 4.e4 d6 5.d4 O-O 6.Be2 e5 7.Be3 Na6 8.O-O Ng4
9.Bg5 Qe8 10.dxe5 dxe5 11.h3 Nf6 12.Be3 c6 13.c5 Nh5 14.Nd2 Nf4 15.Bxa6 bxa6
16.Nc4 Qe6 17.Nd6 Nxg2 18.Kxg2 Qxh3+ 19.Kg1 Bg4 20.f3 Qg3+ 21.Kh1 Qh3+  1/2-1/2

[Event "Smartfish Masters"]
[Site "Drammen NOR"]
[Date "2005.01.01"]
[Round "5"]
[White "McShane,L"]
[Black "Shirov,A"]
[Result "1/2-1/2"]
[WhiteElo "2629"]
[BlackElo "2726"]

1.e4 e5 2.Nc3 Nf6 3.g3 d5 4.exd5 Nxd5 5.Bg2 Nxc3 6.bxc3 Nc6 7.Ne2 Bc5 8.O-O O-O
9.Rb1 Bb6 10.c4 e4 11.Nf4 Re8 12.Rb5 Ne5 13.Rd5 Qe7 14.Re1 c6 15.Rxe5 Qxe5
16.Rxe4 Qxe4 17.Bxe4 Rxe4 18.d3 Re8 19.Bb2 f6 20.h4 Bd7 21.h5 h6 22.Bc3 Bc7
23.Ng2 Re6 24.Bd2 Rae8 25.Be3 b6 26.Kh2 c5 27.c3 R8e7 28.Qf3 Bc6 29.Qg4 Bd7
30.Qf3 Bc6 31.Qg4  1/2-1/2

[Event "Smartfish Masters"]
[Site "Drammen NOR"]
[Date "2005.01.02"]
[Round "6"]
[White "Macieja,B"]
[Black "McShane,L"]
[Result "1-0"]
[WhiteElo "2613"]
[BlackElo "2629"]

1.d4 Nf6 2.Nf3 g6 3.Bf4 Bg7 4.e3 d6 5.h3 O-O 6.Be2 c5 7.O-O Qb6 8.Nbd2 Be6
9.Ng5 Bd7 10.Nc4 Qc7 11.a4 b6 12.c3 Nc6 13.d5 Nd8 14.Bf3 Nb7 15.Ne4 Nxe4
16.Bxe4 a6 17.Nd2 b5 18.Bc2 c4 19.Bg5 f6 20.Bf4 Nc5 21.axb5 axb5 22.Rxa8 Rxa8
23.e4 Qb7 24.Be3 Rc8 25.Bd4 Na4 26.Qa1 f5 27.Bxg7 Kxg7 28.Re1 fxe4 29.Bxe4 Rf8
30.b3 cxb3 31.Nxb3 Kg8 32.Re3 Rf7 33.Nd4 Qc7 34.Bf3 Qc5 35.Qe1 Kf8 36.Nb3 Qc4
37.Nd2 Qh4 38.Qa1 Kg8 39.Qa3 Nc5 40.Qa7 Qa4 41.Qc7 Qa8 42.Ne4 Nxe4 43.Rxe4 Qc8
44.Qxc8+ Bxc8 45.Be2 Bd7 46.Kf1 Kg7 47.Ke1 Kf6 48.Rb4 Ke5 49.Bxb5 Bxb5 50.Rxb5 Rf4
51.Ke2 Re4+ 52.Kd2 h5 53.Ra5 Rf4 54.f3 Rf8 55.Kd3 Kf4 56.Ra7 Re8 57.c4 g5
58.Ra2 Rb8 59.Re2 Rb7 60.Re6 h4 61.Re4+ Kf5 62.Ke3 Ra7 63.Kd3 Rb7 64.Kd4 Rc7
65.Rg4 Ra7 66.f4 gxf4 67.Rxh4 Ra2 68.Rg4 Rd2+ 69.Kc3 Re2 70.Rg7 Kf6 71.Rg8 Ke5
72.h4 Re3+ 73.Kb4 Re1 74.h5 Rh1 75.Rh8 Rh2 76.h6 Rxg2 77.Re8 Rh2 78.Rxe7+ Kd4
79.h7 f3 80.Rf7 Ke3 81.c5 dxc5+ 82.Kc3 f2 83.d6 f1=Q 84.Rxf1 Rxh7 85.Kc4 Ke4
86.Kxc5 Ke5 87.Kc6 Rh2 88.Re1+ Kf6 89.d7 Rc2+ 90.Kd6 Rd2+ 91.Kc7 Rc2+ 92.Kd8 Kf7
93.Rf1+ Kg7 94.Rf4 Rc1 95.Ke7 Re1+ 96.Kd6 Rd1+ 97.Ke6 Re1+ 98.Kd5 Rd1+ 99.Rd4 Rxd4+
100.Kxd4  1-0

[Event "Smartfish Masters"]
[Site "Drammen NOR"]
[Date "2005.01.04"]
[Round "8"]
[White "Nielsen,PH"]
[Black "McShane,L"]
[Result "1/2-1/2"]
[WhiteElo "2663"]
[BlackElo "2629"]

1.d4 Nf6 2.c4 g6 3.g3 Bg7 4.Bg2 O-O 5.Nc3 d6 6.Nf3 c6 7.O-O Qa5 8.e4 e5 9.h3 Nbd7
10.Be3 Nb6 11.dxe5 dxe5 12.Nd2 Qb4 13.c5 Nc4 14.Nxc4 Qxc4 15.Qc2 Be6 16.Rfd1 Rfd8
17.b3 Qb4 18.Na4 Qa5 19.Rd2 Rxd2 20.Bxd2 Qc7 21.Rd1 Nd7 22.Be3 Bf8 23.Kh2 h5
24.h4 Nf6 25.f3 Be7 26.Nb2 Nd7 27.Nd3 Rd8 28.Qc3 Bf6 29.Rd2 Nf8 30.Nb2 Rxd2
31.Qxd2 Be7 32.Qc3 Nd7 33.Nd3  1/2-1/2

[Event "Bundesliga 2004-5"]
[Site "Erfurt GER"]
[Date "2005.01.30"]
[Round "9"]
[White "McShane,L"]
[Black "Sedlak,N"]
[Result "1-0"]
[WhiteElo "2629"]
[BlackElo "2521"]

1.e4 c5 2.f4 d5 3.d3 Nc6 4.Nf3 dxe4 5.dxe4 Qxd1+ 6.Kxd1 Bg4 7.Be3 O-O-O+
8.Nd2 e5 9.fxe5 Nxe5 10.Be2 Nxf3 11.gxf3 Be6 12.Bd3 Nf6 13.Ke2 Nd7 14.f4 g6
15.Rag1 Re8 16.Rg3 Bd6 17.b3 f6 18.h4 Bc7 19.Rhg1 a6 20.a4 Bf7 21.Ra1 Re7
22.Kf2 Rhe8 23.a5 Nb8 24.Rf3 Nd7 25.Ra4 Be6 26.Rg3 Kb8 27.Rg1 Bf7 28.Re1 Bg8
29.Nf3 Bf7 30.Rb1 Kc8 31.Nd2 Bd6 32.Re1 Bc7 33.Bf1 Bg8 34.Bg2 Kb8 35.Bh3 Be6
36.Bxe6 Rxe6 37.Rg1 Rc6 38.Kf3 Nf8 39.Nc4 Ne6 40.Rd1 Kc8 41.Raa1 Rd8 42.Rxd8+ Kxd8
43.Rd1+ Ke7 44.Rd5 Bb8 45.f5 gxf5 46.exf5 Nd4+ 47.Bxd4 cxd4 48.Rxd4 Rc5 49.Ke4 h5
50.b4 Rb5 51.c3 Bg3 52.Rd1 Kf8 53.Rh1 Bf2 54.Rf1 Bg3 55.Rg1 Bh2 56.Rg6 Kf7
57.Rh6 Kg7 58.Rg6+ Kf7 59.Rg2 Bb8 60.Rd2 Bg3 61.Rd7+ Kg8 62.Nb6 Re5+ 63.Kd3 Bxh4
64.Nd5 Kf8 65.c4 Rxf5 66.Rxb7 Bf2 67.Ke4 Re5+ 68.Kf3 Bd4 69.Nxf6 Re3+ 70.Kf4 Rc3
71.Nd7+ Ke8 72.c5 Kd8 73.Nb6 Be3+ 74.Ke4 Bg1 75.Rg7 Rc1 76.Kd5 h4 77.Rh7 Bf2
78.Kc6 Ke8 79.Kb7 Rb1 80.c6  1-0

[Event "ch-FRA Top 16 GpB"]
[Site "Vandoeuvre FRA"]
[Date "2005.02.05"]
[Round "2"]
[White "McShane,L"]
[Black "Becker,Marc1"]
[Result "0-1"]
[WhiteElo "2614"]
[BlackElo "2384"]

1.e4 d5 2.exd5 Qxd5 3.Nc3 Qe5+ 4.Be2 c6 5.d4 Qc7 6.Bg5 Bf5 7.Qd2 e6 8.Nf3 h6
9.Bh4 Nd7 10.Ne5 Nxe5 11.dxe5 Be7 12.Bg3 Rd8 13.Qe3 Qb6 14.Qxb6 axb6 15.Rc1 Bb4
16.O-O Ne7 17.Nb1 b5 18.c3 Bc5 19.Rfd1 O-O 20.a3 Nd5 21.Nd2 Ne3 22.fxe3 Bxe3+
23.Bf2 Bxd2 24.Ra1 Bc2 25.Rf1 Rd5 26.Bd4 Bb3 27.Bf3 Rd7 28.Kf2 Bg5 29.Kg3 Be7
30.Be4 Ra8 31.Kf2 Ra4 32.Bf3 Ra8 33.g3 Bd8 34.Rae1 Bc7 35.Rg1 Rad8 36.g4 Bd5
37.Be2 Bc4 38.Bf3 c5 39.Bxc5 Rd2+ 40.Kg3 R8d3 41.Re3 Rxe3 42.Bxe3 Bxe5+ 43.Bf4 Bxf4+
44.Kxf4 Rxb2 45.Rd1 g5+ 46.Ke5 Kg7 47.Bxb7 Rxh2 48.Ra1 Rh3 49.Be4 Be2 50.Kd4 Bxg4
51.c4 bxc4 52.a4 c3 53.a5 Bf3 54.Bd3 Bd5 55.Bc2 Rh4+ 56.Kxc3 Rc4+ 57.Kd3 Rxc2
58.Kxc2 h5 59.Rg1 Kg6 60.Rd1 h4 61.Rxd5 exd5 62.a6 h3 63.a7 h2 64.a8=Q h1=Q
65.Qg8+ Kf6 66.Qd8+ Kf5 67.Qc8+ Kf4 68.Qc7+ Kg4 69.Qxf7 Qe4+ 70.Kb2 Qe5+
71.Ka3 Qe3+ 72.Ka2 d4 73.Qd7+ Kg3 74.Qd6+ Qf4 75.Qg6 g4 76.Qc2 Qf2 77.Ka1 Qf1+
78.Ka2 d3 79.Qc3 Kg2 80.Ka3 Qe2 81.Qc4 Qf3 82.Ka4 d2 83.Qc2 Qe2 84.Qc6+ Kg1
85.Qb6+ Kf1 86.Qf6+ Qf3 87.Qa6+ Kg2  0-1

[Event "Varsity Match"]
[Site "London ENG"]
[Date "2005.03.05"]
[Round "1"]
[White "McShane,L"]
[Black "Vigus,J"]
[Result "1-0"]
[WhiteElo "2614"]
[BlackElo "2311"]

1.e4 e5 2.Nf3 Nc6 3.Bb5 a6 4.Ba4 Nf6 5.O-O Be7 6.Re1 b5 7.Bb3 d6 8.c3 O-O
9.h3 Nb8 10.d4 Nbd7 11.Nbd2 Bb7 12.Bc2 Re8 13.Nf1 Bf8 14.Ng3 g6 15.b3 Bg7
16.d5 Qe7 17.Be3 c6 18.c4 Rec8 19.Nd2 Nc5 20.a3 Qc7 21.b4 Ncd7 22.Rc1 bxc4
23.dxc6 Bxc6 24.Nxc4 d5 25.exd5 Nxd5 26.Bb3 Nxe3 27.fxe3 Bb5 28.Nd6 Qxc1
29.Qxc1 Rxc1 30.Rxc1 Kf8 31.Nxf7 Ke7 32.Ne4 Bd3 33.Ned6 e4 34.Nc8+ Ke8 35.Rc7 Rb8
36.Be6 Bb5 37.Nfd6+  1-0

[Event "Bundesliga 2004-5"]
[Site "Hofheim GER"]
[Date "2005.03.12"]
[Round "12"]
[White "McShane,L"]
[Black "Lutz,C"]
[Result "1-0"]
[WhiteElo "2614"]
[BlackElo "2614"]

1.e4 c5 2.f4 d5 3.d3 Nc6 4.Nf3 g6 5.Be2 Bg7 6.c3 dxe4 7.dxe4 Qxd1+ 8.Bxd1 Nf6
9.e5 Nd5 10.Bb3 Nc7 11.Be3 b6 12.Nbd2 Be6 13.Bc2 Nd5 14.Kf2 Bh6 15.g3 O-O-O
16.Rhe1 Kc7 17.Ne4 Nxe3 18.Rxe3 Na5 19.b3 Bf5 20.Re2 Rhf8 21.Rae1 Nc6 22.a3 Bc8
23.b4 cxb4 24.cxb4 Ba6 25.Re3 Nd4 26.Nxd4 Rxd4 27.Bb3 Kb8 28.Kg1 Bb7 29.h4 a6
30.R1e2 Ka7 31.Kh2 f6 32.exf6 exf6 33.Nc3 Rc8 34.Be6 Rc7 35.Bh3 g5 36.Re7 Rdc4
37.Rxc7 Rxc7 38.fxg5 fxg5 39.hxg5 Bxg5 40.Ne4 Bc1 41.a4 Re7 42.Bg2 Ba3 43.b5 Re5
44.Ra2 Be7 45.Nf2 axb5 46.axb5+ Kb8 47.Rb2 Bf6 48.Rb4 Be7 49.Rb2 Bd6 50.Nh3 Ba3
51.Rb3 Re2 52.Nf4 Ra2 53.Rd3 Bc1 54.Rd8+ Bc8 55.Nd5 Ba3 56.Nxb6 Rc2 57.Rh8 Bd6
58.Rxh7 Rc3 59.Rg7 Be5 60.Rg8 Bd6 61.Bc6 Rc2+ 62.Kh1  1-0

[Event "Bundesliga 2004-5"]
[Site "Hofheim GER"]
[Date "2005.03.13"]
[Round "13"]
[White "Savchenko,S"]
[Black "McShane,L"]
[Result "0-1"]
[WhiteElo "2505"]
[BlackElo "2614"]

1.Nf3 Nf6 2.c4 g6 3.Nc3 d5 4.cxd5 Nxd5 5.Qb3 Nb6 6.d4 Bg7 7.Bg5 Be6 8.Qc2 Nc6
9.Rd1 h6 10.Bh4 Nb4 11.Qb1 O-O 12.e3 Bf5 13.e4 Bg4 14.d5 Bxf3 15.gxf3 Qd7
16.a3 Na6 17.Qc2 Rfe8 18.Bg3 c6 19.d6 Nc5 20.dxe7 Qxe7 21.Bd6 Bxc3+ 22.bxc3 Qf6
23.Bxc5 Qxf3 24.Rg1 Rxe4+ 25.Be2 Rxe2+ 26.Qxe2 Qxc3+ 27.Qd2 Qxc5 28.Rg3 Qh5
29.Qe2 Qh4 30.Rd6 Qf4 31.Qd3 Qc1+ 32.Ke2 Re8+ 33.Kf3 Qh1+ 34.Rg2 Kf8 35.Qd4 Kg8
36.Qd3 Kh8 37.Qd4+ Kh7 38.Rf6  0-1

[Event "Bundesliga 2005-6"]
[Site "Bremen GER"]
[Date "2005.04.02"]
[Round "15"]
[White "McShane,L"]
[Black "Khenkin,I"]
[Result "1/2-1/2"]
[WhiteElo "2609"]
[BlackElo "2595"]

1.e4 e5 2.Nf3 Nc6 3.Bb5 Nf6 4.d3 Bc5 5.Bxc6 dxc6 6.Qe2 Bg4 7.Nbd2 Nd7 8.h3 Bxf3
9.Nxf3 O-O 10.Bg5 Qe8 11.O-O-O Qe6 12.Kb1 a5 13.d4 exd4 14.Nxd4 Bxd4 15.Rxd4 Rfe8
16.f3 c5 17.Rdd1 c4 18.Qd2 Nb6 19.Be3 h6 20.Bxb6 Qxb6 21.Qd4 Qg6 22.g4 b5
23.Qc5 Qf6 24.Qf5 Qb6 25.Rd7 Rf8 26.Rhd1 a4 27.Qd5 Qe3 28.Qxb5 Qxf3 29.Qxc4 Qxh3
30.e5 Qe3 31.a3 Qxe5 32.Rxc7 Rab8 33.Rd4 Qe1+ 34.Ka2 Rxb2+ 35.Kxb2 Rb8+ 36.Qb4 Rxb4+
37.Rxb4 Qe5+ 38.Rc3 Qa5 39.Rcc4 h5 40.gxh5 Qxh5 41.Rxa4 Qe5+ 42.Kb3 g5 43.Rab4 Qe3+
44.c3 Qe1 45.Rb5 Qd1+ 46.Kb4 Qd6+ 47.Rbc5 f5 48.Rd4 Qb8+ 49.Rb5 Qf8+ 50.Kb3 Qf7+
51.Rdd5 g4 52.c4 Qe7 53.Rxf5 Qe3+ 54.Ka4 g3 55.Rg5+ Kf7 56.Rg4 Qa7+ 57.Kb4 Qe7+
58.Ka4 Qa7+ 59.Kb4  1/2-1/2

[Event "Bundesliga 2004-5"]
[Site "Solingen GER"]
[Date "2005.04.09"]
[Round "14"]
[White "McShane,L"]
[Black "Nielsen,PH"]
[Result "1/2-1/2"]
[WhiteElo "2620"]
[BlackElo "2653"]

1.e4 c5 2.d3 Nc6 3.g3 g6 4.Bg2 Bg7 5.f4 d6 6.Nf3 Nf6 7.O-O O-O 8.h3 b5 9.Be3 Rb8
10.Nc3 b4 11.Ne2 Nd7 12.Qc1 e6 13.f5 exf5 14.exf5 Re8 15.fxg6 hxg6 16.Bg5 Qa5
17.Rf2 Bb7 18.Bh6 Bh8 19.Qf4 Nce5 20.Ng5 Nf6 21.Qh4 Bxg2 22.Kxg2 Rbd8 23.Raf1 Nh7
24.Nxh7  1/2-1/2

[Event "Bundesliga Playoff 2004-5"]
[Site "Bremen GER"]
[Date "2005.05.08"]
[Round "1"]
[White "Lutz,C"]
[Black "McShane,L"]
[Result "1/2-1/2"]
[WhiteElo "2614"]
[BlackElo "2620"]

1.e4 c5 2.Nf3 Nc6 3.d4 cxd4 4.Nxd4 Nf6 5.Nc3 e5 6.Ndb5 d6 7.Bg5 a6 8.Na3 b5
9.Nd5 Be7 10.Bxf6 Bxf6 11.c3 O-O 12.Nc2 Rb8 13.Be2 Bg5 14.Qd3 Ne7 15.Ncb4 Bb7
16.Nxe7+ Qxe7 17.O-O Qd7 18.Rad1 a5 19.Nd5 Bc6 20.Qg3 h6 21.b3 Kh8 22.c4 bxc4
23.Bxc4 f5 24.Rfe1 fxe4 25.Rxe4 Bd8 26.Re2 Qe8 27.Ne3 Rf6 28.Bd5 Bd7 29.Be4 Rf4
30.Qg6 Qxg6 31.Bxg6 Rf6 32.Be4 Bb6 33.Red2 Bd4 34.Nd5 Rf7 35.Kf1 a4 36.b4 a3
37.f3 Ba4 38.Bc2 Bc6 39.Bb3 Bxd5 40.Bxd5 Rc7 41.Rb1 Rc5 42.Be4 Rcb5 43.Rd3 d5
44.Bf5 g6 45.Bxg6 Kg7 46.Bf5 Kf6 47.Bh3 Bb2 48.Bd7 Rxb4 49.Rxd5 Bd4 50.Rxb4 Rxb4
51.Ra5 Rb1+ 52.Ke2 Rb2+ 53.Kd3 Rxa2 54.Ra6+ Ke7 55.Bc6 Rxg2 56.Rxa3 Rxh2
57.Ra8 Rh4 58.Be4 Kf6 59.Rf8+ Kg7 60.Rc8 Rf4  1/2-1/2